书目信息 |
| 题名: |
大气污染控制
|
|
| 作者: | 李连山 主编 | |
| 分册: | ||
| 出版信息: | 武汉 武汉工业大学出版社 1998.08 |
|
| 页数: | 226页 | |
| 开本: | 16开 | |
| 丛书名: | ||
| 单 册: | ||
| 中图分类: | X51-43 | |
| 科图分类: | ||
| 主题词: | 空气 , 空气污染 , 空气污染--污染防治 | |
| 电子资源: | ||
| ISBN: | 7-5629-1335-8 | |
| 000 | 00575nam0 2200205 45 | |
| 001 | 0010221694 | |
| 005 | 20160620154238.55 | |
| 010 | @a7-5629-1335-8@d19.50元 | |
| 100 | @a20001022d1998 km y0chiy0120 ea | |
| 101 | 0 | @achi |
| 200 | 1 | @a大气污染控制@ADa Qi Wu Ran Kong Zhi@f李连山主编@FLi Lian Shan Zhu Bian |
| 210 | @a武汉@c武汉工业大学出版社@d1998.08 | |
| 215 | @a226页@d16开 | |
| 606 | 0 | @a空气 |
| 606 | 0 | @a空气污染 |
| 606 | 0 | @a空气污染@x污染防治 |
| 690 | @aX51-43@v3 | |
| 701 | 0 | @a李连山@4主编 |
| 801 | @aCN@bPftUser@c20001022 | |
| 905 | @b182715-729@dX51-43@eL787@f15 | |
| 大气污染控制/李连山主编.-武汉:武汉工业大学出版社,1998.08 |
| 226页;16开 |
| ISBN 7-5629-1335-8:19.50元 |
| ● |
| 相关链接 |
|
|
|
正题名:大气污染控制
索取号:X51-43/L787
 
预约/预借
| 序号 | 登录号 | 条形码 | 馆藏地/架位号 | 状态 | 备注 |
| 1 | 1238190 | 212381901 | 自科库501/501自科库 68排7列2层/ [索取号:X51-43/L787] | 在馆 | |
| 2 | 182715 | 201827158 | 自科库501/501自科库 68排7列2层/ [索取号:X51-43/L787] | 在馆 | |
| 3 | 182716 | 201827167 | 自科二线504/504自科库 32排3列4层/ [索取号:X51-43/L787] | 在馆 | |
| 4 | 182717 | 201827176 | 自科二线504/504自科库 32排3列4层/ [索取号:X51-43/L787] | 在馆 | |
| 5 | 182718 | 201827185 | 自科二线504/504自科库 32排3列4层/ [索取号:X51-43/L787] | 在馆 | |
| 6 | 182719 | 201827194 | 自科二线504/504自科库 32排3列4层/ [索取号:X51-43/L787] | 在馆 | |
| 7 | 182720 | 201827201 | 自科二线504/504自科库 32排3列4层/ [索取号:X51-43/L787] | 在馆 | |
| 8 | 182721 | 201827210 | 城院文库/ [索取号:X51-43/L787] | 在馆 | |
| 9 | 182722 | 201827229 | 自科库501/501自科库 68排7列2层/ [索取号:X51-43/L787] | 在馆 | |
| 10 | 182723 | 201827238 | 期刊室512/501自科库 68排7列2层/ [索取号:X51-43/L787] | 在馆 | |
| 11 | 182724 | 201827247 | 自科二线504/504自科库 32排3列4层/ [索取号:X51-43/L787] | 在馆 | |
| 12 | 182725 | 201827256 | 期刊室512/501自科库 68排7列2层/ [索取号:X51-43/L787] | 在馆 | |
| 13 | 182726 | 201827265 | 自科二线504/504自科库 32排3列4层/ [索取号:X51-43/L787] | 在馆 | |
| 14 | 182727 | 201827274 | 自科二线504/504自科库 32排3列4层/ [索取号:X51-43/L787] | 在馆 | |
| 15 | 182728 | 201827283 | 期刊室512/501自科库 68排7列2层/ [索取号:X51-43/L787] | 在馆 | |
| 16 | 182729 | 201827292 | 自科二线504/504自科库 32排3列4层/ [索取号:X51-43/L787] | 在馆 |